000 00527nmm a2200157Ia 4500
008 251105s9999||||xx |||||||||||||||||und||
020 _a9789587387544
041 _aspa
100 _aOchoa Miranda, Marlybell
245 0 _aGestión integral de residuos : Análisis normativo y herramientas para su implementación
264 _a[Bogotá, Colombia] :
_bUniversidad del Rosario,
_c2016
300 _a316 páginas
650 _aEnvironmental Sciences
856 _uhttps://public.digitaliapublishing.com/a/46417
942 _cCF
999 _c95857
_d95857